El poder, el sufrimiento y la lucha por la dignidad

Detalles Bibliográficos
Autor principal: Yamin, Alicia Ely
Formato: eBook
Lenguaje:español
Publicado: Bogot:̀ Universidad de Los Andes (Colombia), 2018
Materias:
Acceso en línea:Acceso restringido

MARC

LEADER 00000nam a22000007a 4500
005 20190517223656.0
007 cr|||| |||
008 190517s2018 co |||||s|||| 00||0 spa d
020 |a 978-958-774-741-6 
035 |a 23280 
040 |a vLex 
090 |c 8761  |d 8761 
100 1 |a Yamin, Alicia Ely 
245 1 2 |a El poder, el sufrimiento y la lucha por la dignidad  |h [Recurso electrn̤ico] /  |c Alicia Ely Yamin 
256 |a Servicio en ln̕ea 
260 |a Bogot:̀  |b Universidad de Los Andes (Colombia),  |c 2018 
300 |a 1 recurso electrn̤ico 
506 1 |a Disponible solo en los productos indicados  |d vLex Global  |d vLex Global (Academic Edition, excluding Law Schools)  |d vLex Global (U.S. Academic Edition, Law Schools)  |d vLex Global (U.S. Academic Edition, excluding Law Schools)  |d vLex Global (Academic Edition, Law Schools) 
650 0 4 |a Economa̕ Espaǫla  |z Colombia 
740 0 |a vLex Libros (Servicio en ln̕ea) 
856 4 0 |u http://vlex.com/source/poder-sufrimiento-lucha-dignidad-23280  |z Acceso restringido 
942 |c BOOK 
999 0 |a Spanish economy